Responses for Show #4670 - Friday, December 17, 2004

Contestants

[<< previous game]

Harry Sering, a retail manager from Indianapolis, Indiana

Jennifer West, a library technician and stage manager from Salinas, California

Grayson Holmes, a legal assistant from Washington, D.C. (whose 1-day cash winnings total $29,201)

[next game >>]

Jeopardy! Round responses

NEXT STOP, VENUS
ROBOTS, ANDROIDS & CYBORGS
MUSIC CLASS
ALL THE GLITTERING PRIZES
LAGER RHYTHMS
CROSSWORD CLUES "D _ _ _ ER"
    $200 21
[ERRATUM: Depending upon their positions in the orbits of the four planets, Mercury or Mars may sometimes be closer to Venus than Earth is. At the time of the show's airing, Mars was the closest planet.]

Earth

Grayson
    $200 16
a bionic woman

Jennifer
    $200 11
(Alex: That's the musical term. For guys like me who don't know anything about music, it's a sextet.)

a sestet

Grayson
    $200 6
the American Bar Association

Jennifer
    $200 26
England

Jennifer
    $200 1
a driver

Jennifer
    $400 22
(Harry: Who is... [time expires] Da Vinci?)

Galileo

GraysonHarry
    $400 17
(Grayson: Who is C-3PO?)

R2-D2

GraysonHarry
    $400 12
(Grayson: What are tabs... in tabulature?)

chords

GraysonJennifer
    $400 7
Kate Smith

Harry
    $400 27
cholesterol

Grayson
    $400 2
dodger

Harry
    $600 23
(Grayson: What are Greek gods?)

women

Grayson
Triple Stumper
    $600 18
I, Robot

Harry
    $600 13
the bow

Jennifer
    $600 8
peace

Harry
    $600 28
(Grayson: What is Cyprus?)

Iceland

Grayson
Triple Stumper
    $600 3
your dander

Grayson
    $1,400 24
(Grayson: What is methane?)

carbon dioxide

Grayson
    $800 19
Inspector Gadget

Grayson
    $800 14
(Grayson: What is staccato?)

syncopating

Grayson
Triple Stumper
    $800 9
Motor Trend

Jennifer
    $800 29
[The end-of-round signal sounds.]

Schlitz

Triple Stumper
    $800 4
(Grayson: What... is... a... dodger? [Shakes head])

a dagger

GraysonJennifer
    $1000 25
(Harry: What is an occultation?)

a transit

Harry
Triple Stumper
    $1000 20
Astro Boy

Triple Stumper
    $1000 15
(Jennifer: What is allegro?)

andante

GraysonJennifer
    $1000 10
the Booker

Grayson
    $1000 5
a duster

Grayson

Scores at the first commercial break (after clue 15):

Grayson Jennifer Harry
$1,800 $2,000 $1,400

Scores at the end of the Jeopardy! Round:

Grayson Jennifer Harry
$600 $2,400 $1,000

Double Jeopardy! Round responses

THE VIETNAM WAR
CLASSIC TV DRAMA EPISODES
JACQUES IN THE BOX
ASIAN RIVERS
ANDREW LLOYD WEBBER
(Alex: And if you do well on all of those, you will get an...)
"A" PLUS
    $400 21
(Grayson: What is the Silk Road?)

the Ho Chi Minh Trail

GraysonHarry
    $400 23
Dallas

Jennifer
    $400 1
"Frère Jacques"

Harry
    $400 6
the Jordan River

Grayson
    $400 7
Michael Crawford

Jennifer
    $400 16
Abel

Grayson
    $800 22
advisors

Jennifer
    $800 24
Star Trek

Harry
    $800 2
(Jacques) Chirac

Grayson
    $800 12
(Alex: Uzbek, Tajik and Kazakhstan)

stan

Harry
    $800 8
Evita

Jennifer
    $800 17
ABBA

Harry
    $1200 25
Baretta

Harry
    $1200 3
(Grayson: What is helium?)

hydrogen

GraysonJennifer
    $1200 13
Tigris (River)

Grayson
    $1200 9
Cats

Grayson
    $1200 18
Alameda

Grayson
    $7,500 26
(Harry: What is Melrose Place?)

Murder, She Wrote

Harry
    $1600 4
(Harry: Who is La Salle?)

(Louis) Jolliet

JenniferHarry
    $2,000 14
Indus River

Grayson
    $1600 10
Starlight Express

Grayson
    $1600 19
Apatosaurus

Grayson
    $2000 28
[The end-of-round signal sounds.]

Khe Sanh

Triple Stumper
    $2000 27
Kung Fu

Triple Stumper
    $2000 5
(Jacques-Louis) David

Grayson
    $2000 15
(Grayson: What is Java?)

Borneo

GraysonHarry
    $2000 11
Sarah Brightman

Grayson
    $2000 20
Avogadro's number

Harry

Scores at the end of the Double Jeopardy! Round:

Grayson Jennifer Harry
$11,400 $7,600 $300

[wagering suggestions for these scores]

Final Jeopardy! Round responses

ANNUAL EVENTS
(Alex: Mr. Hunt's daughter had a very thick Texas accent, and she was talkin' about her super ball. And he thought about and said, "Hey, that's better than World Championship Game.")
HarryWhat is the Super Bowl?
$300
JenniferWhat is Lollapalooza?
$6,800
GraysonWhat is the Super Bowl?
$3,810
the Super Bowl

Final scores:

Grayson Jennifer Harry
$15,210 $800 $600
2-day champion: $44,411 2nd place: $2,000 3rd place: $1,000

Game dynamics:

Coryat scores:

Grayson Jennifer Harry
$12,400 $7,600 $7,800
20 R
(including 1 DD),
10 W
(including 1 DD)
14 R,
1 W
13 R,
4 W
(including 1 DD)

Combined Coryat: $27,800

[game clues] [game scores] [suggest correction]

Game tape date: 2004-09-13
The J! Archive is created by fans, for fans. Scraping, republication, monetization, and malicious use prohibited; this site may use cookies and collect identifying information. See terms. The Jeopardy! game show and all elements thereof, including but not limited to copyright and trademark thereto, are the property of Jeopardy Productions, Inc. and are protected under law. This website is not affiliated with, sponsored by, or operated by Jeopardy Productions, Inc. Join the discussion at JBoard.tv.